Middle class values in India and Western Europe (Record no. 116015)

MARC details
000 -LEADER
fixed length control field 00398nam a2200145Ia 4500
008 - FIXED-LENGTH DATA ELEMENTS--GENERAL INFORMATION
fixed length control field 230917s9999||||xx |||||||||||||| ||und||
040 ## - CATALOGING SOURCE
-- 103733
Original cataloging agency VIVEKANANDA LIBRARY
041 ## - Language
-- English
082 ## - DDC NUMBER
Classification number 301.441 095 4 M584M
100 ## - MAIN ENTRY--PERSONAL NAME
Personal name Ahmad, Imtiaz, ed.
245 #0 - TITLE STATEMENT
Title Middle class values in India and Western Europe
260 ## - PUBLICATION, DISTRIBUTION, ETC. (IMPRINT)
Place of publication, distribution, etc New Delhi
Name of publisher, distributor, etc Social Science Press
Date of publication, distribution, etc 2001
300 ## - PHYSICAL DESCRIPTION
Pages ix, 211 p.
942 ## - ADDED ENTRY ELEMENTS (KOHA)
Koha item type Books
Holdings
Withdrawn status Lost status Damaged status Not for loan Location (home branch) Sublocation or collection (holding branch) Date acquired Koha issues (times borrowed) Koha full call number Accession No. Koha date last seen Koha item type
        VIVEKANANDA LIBRARY VIVEKANANDA LIBRARY 24/09/2004   301.441 095 4 M584M 206441 17/09/2023 Books
        VIVEKANANDA LIBRARY VIVEKANANDA LIBRARY 24/09/2004   301.441 095 4 M584M 225002 17/09/2023 Books
© Designed and Maintained by Vivekananda Library, MDU Rohtak